00809nam a2200205 i 450000100060000000300090000600500170001500700030003200800410003508000280007608000350010410000440013924501200018326000600030330000220036365000600038585200210044599900170046695201200048337993ES-MaACL20250902063051.0t|030224s1922 sp ||||1| spa d a929 Cabanillas, Alfredo a355.48(460:64)"1921/26"(093.3)1 aCabanillas, Alfredo, d1894-197993314213aLa epopeya del soldado b: desde el desastre de Annual hasta la reconquista de Monte Arruit / cAlfredo Cabanillas. aMadrid : b[s.n.], c1922 (fImp. Clásica Española) a280 p. ; c19 cm. 4aGuerra del Rif, 1921-1926-vRelatos personales.9158334 aES-MaACLjF-8987 c37993d37993 00104070aATENEOMbATENEOMcSPP2d2008-01-17eSCl0oF-8987p1040003r2023-02-23 00:00:00w2023-02-23yMONOGRAFIA